000 00704nam a2200289Ia 4500
005 20260324135832.0
008 008 260324s9999 xx 000 0 eng d
020 _a9781003579885
037 _aEBOOK
040 _aCRL
040 _beng
040 _cCRL
041 _2eng
041 _aeng
084 _qCRL
100 _aAnna Hillyar; Jane McDermid
_91202104
245 0 _aMidwives of the Revolution
245 0 _bFemale Bolsheviks and Women Workers in 1917
260 _bTaylor and Francis
260 _c1999
365 _a
365 _b89.99
856 _uhttp://www.taylorfrancis.com/books/9781003579885
942 _cEBOOK
999 _c1803579
_d1803579